Navamadyamangal: (Record no. 181872)

000 -LEADER
fixed length control field 00465nam a22001697a 4500
020 ## - INTERNATIONAL STANDARD BOOK NUMBER
ISBN 9789393969194
082 ## - DEWEY DECIMAL CLASSIFICATION NUMBER
Classification number M 302.23
Item number JOS/N
245 ## - TITLE STATEMENT
Title Navamadyamangal:
Sub Title basha, sahithyam, samskaram/
Statement of responsibility, etc by Jose K. Manual (ed.)
250 ## - EDITION STATEMENT
Edition statement 4th ed.
260 ## - PUBLICATION, DISTRIBUTION, ETC. (IMPRINT)
Place of publication Kozhikode:
Name of publisher Pavanatma Publishers,
Year of publication 2023.
300 ## - PHYSICAL DESCRIPTION
Number of Pages 373p.
650 ## - SUBJECT ADDED ENTRY--TOPICAL TERM
Topical Term Media Studies
650 ## - SUBJECT ADDED ENTRY--TOPICAL TERM
Topical Term Media Communications
650 ## - SUBJECT ADDED ENTRY--TOPICAL TERM
Topical Term Social Sciences
700 ## - ADDED ENTRY--PERSONAL NAME
Personal name Jose K. Manual (ed.)
942 ## - ADDED ENTRY ELEMENTS (KOHA)
Koha item type Book
Holdings
Withdrawn status Lost status Damaged status Not for loan Permanent Location Current Location Shelving location Date acquired Cost, normal purchase price Full call number Accession Number Price effective from Koha item type
        Sree Sankaracharya University of Sanskrit Sree Sankaracharya University of Sanskrit Stacks 29.05.2026 740.00 M 302.23 JOS/N 108987 29.05.2026 Book